000 00705cam a22002412 4500
999 _c11264
_d11264
001 0000019623
003 OSt
005 20210319122848.0
008 110113s xx 000 0 eng d
020 _a0132454335 :
040 _aKABU
_cKABU
100 1 _aBodnar, George.
245 1 0 _aAccounting information systems /
_cGeorge H. Bodnar and William S. Hopwood.
250 _a1st ed.
260 _aBoston :
_bPearson,
_c2010.
300 _axiv, 530p.
650 0 _aAcconting
_xdata processing.
650 0 _aInformation storage and retrieval systems
_xAccounting.
700 1 _aHopwood, William S.
908 _a110113
942 _2lcc
_cBK